| 000 | 00709nam a2200193Ia 4500 | ||
|---|---|---|---|
| 003 | GCL | ||
| 008 | 140319s9999 xx 000 0 ara d | ||
| 040 |
_aGCL / _cGCL |
||
| 082 | 0 | 4 |
_a956.906 _bم ش |
| 100 | 1 | _aمعين حداد | |
| 245 | 1 | 0 |
_aالشرق الاوسط : دراسة جيوبوليتيكية قضايا الارض والنفط والمياه / _cمعين حداد |
| 300 | _a173 ص | ||
| 490 |
_aالهيئة العامة للاستعلامات _v0 |
||
| 650 | 0 | 4 | _aالنزاع العربى الاسرائيلى |
| 650 | 0 | 4 | _aالشرق الاوسط |
| 650 | 0 | 4 | _aالنظام العالمى الجديد |
| 650 | 0 | 4 | _aفلسطين - الجغرافيا الطبيعية |
| 942 |
_2ddc _cBK |
||
| 999 |
_c49242 _d49242 |
||